| 000 | 00647nam a22001217a 4500 | ||
|---|---|---|---|
| 040 | _cNUST | ||
| 082 | _a621.3822.PRO | ||
| 245 |
_aDogotal signal processing applications with the TMS320 family Vol-2 / _cEdited by Panos Papamichalis, ph.D., Digital signal Processing Semiconductor Group Texas Instruments |
||
| 260 |
_btexes instruments _c1994 |
||
| 300 | _a618 p.; | ||
| 505 | _aPart-1: Introduction (Page-3), Part-II: Digital Signal Processing Interface Techniques (Page-53), Part-III: Data Communications (Page-221), PArt-IV: Telecommunications (Page-423), Part-V: Control (Page-529),Part-Vi: Tools (PAge-585). | ||
| 942 |
_2ddc _cBK _k621.3822,PRO |
||
| 999 |
_c595329 _d595329 |
||